<?xml version="1.0" encoding="UTF-8"?>
<record
    xmlns:xsi="http://www.w3.org/2001/XMLSchema-instance"
    xsi:schemaLocation="http://www.loc.gov/MARC21/slim http://www.loc.gov/standards/marcxml/schema/MARC21slim.xsd"
    xmlns="http://www.loc.gov/MARC21/slim">

  <leader>01320nam a2200229Ia 4500</leader>
  <controlfield tag="003">OSt</controlfield>
  <controlfield tag="005">20210811165736.0</controlfield>
  <controlfield tag="008">210310s1998    ck ad  fr     000 0 spa d</controlfield>
  <datafield tag="020" ind1=" " ind2=" ">
    <subfield code="a">9588007135</subfield>
  </datafield>
  <datafield tag="040" ind1=" " ind2=" ">
    <subfield code="a">CO-JMCR</subfield>
    <subfield code="c">CO-JMCR</subfield>
  </datafield>
  <datafield tag="041" ind1="0" ind2=" ">
    <subfield code="a">spa</subfield>
  </datafield>
  <datafield tag="082" ind1="0" ind2="4">
    <subfield code="a">332.60681 /</subfield>
    <subfield code="b">S959m</subfield>
    <subfield code="2">23</subfield>
  </datafield>
  <datafield tag="110" ind1="2" ind2=" ">
    <subfield code="a">Superintendencia de Valores</subfield>
    <subfield code="9">8866</subfield>
  </datafield>
  <datafield tag="245" ind1="1" ind2="0">
    <subfield code="a">Memorias de seminarios 1996-1997 / </subfield>
    <subfield code="c">Superintendencia de Valores</subfield>
  </datafield>
  <datafield tag="250" ind1=" " ind2=" ">
    <subfield code="a">Primera edici&#xF3;n</subfield>
  </datafield>
  <datafield tag="260" ind1=" " ind2=" ">
    <subfield code="a">Bogot&#xE1; : </subfield>
    <subfield code="b">Superintendencia de Valores, </subfield>
    <subfield code="c">1998</subfield>
  </datafield>
  <datafield tag="300" ind1=" " ind2=" ">
    <subfield code="a">321 p&#xE1;ginas : </subfield>
    <subfield code="b">ilustraciones y gr&#xE1;ficas a blanco y negro ; </subfield>
    <subfield code="c">24 cm.</subfield>
  </datafield>
  <datafield tag="505" ind1="0" ind2=" ">
    <subfield code="a">El mercado mostrador en Colombia: su futuro y perspectivas. Junio de 1996 -- Mecanismos de prevenci&#xF3;n contra el lavado de activos a trav&#xE9;s del mercado burs&#xE1;til. Noviembre de 1996 -- Profundizaci&#xF3;n de mercado de valores. Diciembre de 1996 -- La nueva din&#xE1;mica del sector p&#xFA;blico y su interacci&#xF3;n con el mercado de valores. Mayo de 1997 -- El mercado p&#xFA;blico de valores al servicio del sector empresarial. Junio de 1997 -- El mercado p&#xFA;blico de valores como alternativa de financiaci&#xF3;n de los entes territoriales. Julio de 1997</subfield>
  </datafield>
  <datafield tag="650" ind1="1" ind2="4">
    <subfield code="a">Mercado de valores</subfield>
    <subfield code="9">16957</subfield>
    <subfield code="v">Congresos, conferencias, etc.</subfield>
  </datafield>
  <datafield tag="650" ind1="2" ind2="4">
    <subfield code="a">Lavado de activos </subfield>
    <subfield code="v">Congresos, conferencias, etc.</subfield>
    <subfield code="x">Prevenci&#xF3;n</subfield>
    <subfield code="9">39302</subfield>
  </datafield>
  <datafield tag="942" ind1=" " ind2=" ">
    <subfield code="2">ddc</subfield>
    <subfield code="c">BK</subfield>
  </datafield>
  <datafield tag="999" ind1=" " ind2=" ">
    <subfield code="c">8330</subfield>
    <subfield code="d">8330</subfield>
  </datafield>
  <datafield tag="952" ind1=" " ind2=" ">
    <subfield code="0">0</subfield>
    <subfield code="1">0</subfield>
    <subfield code="2">ddc</subfield>
    <subfield code="4">0</subfield>
    <subfield code="7">0</subfield>
    <subfield code="8">NFIC</subfield>
    <subfield code="a">CPL</subfield>
    <subfield code="b">CPL</subfield>
    <subfield code="d">2018-04-15</subfield>
    <subfield code="e">Donaci&#xF3;n</subfield>
    <subfield code="o">332.60681 / S959m</subfield>
    <subfield code="p">430002852</subfield>
    <subfield code="r">2024-05-16 00:00:00</subfield>
    <subfield code="t">Ej.1</subfield>
    <subfield code="y">BK</subfield>
  </datafield>
</record>
